000 00730nam a22001937a 4500
999 _c196134
_d196134
005 20230711123835.0
010 _aB-754317-337 CHEN 25.5.23
020 _a9788131941799
_c450.00
035 _aB-754317-337
037 _bB.Jain publishers (P) Ltd.
082 _aS
245 _aClassic Stories:
_bfor children /
260 _aNoida, U.P.
_c202?
_bB.Jain Publishers (P) Ltd.
270 _aD-157, Sector 63, Noida
_bU.P.
_e201307
300 _a192p.
_bcol.ill
_c24cm(Hb)
490 _aCollector's Edition
942 _2ddc
_cCH
_mCLA
_hS